| 000 | 00437nam a22001817a 4500 | ||
|---|---|---|---|
| 005 | 20180718151341.0 | ||
| 008 | 160524b xxu||||| |||| 00| 0 eng d | ||
| 020 | _a81-203-2609-1 | ||
| 041 | _aeng | ||
| 082 |
_b4724 _a658.1599 |
||
| 100 |
_aSharon, V _9525 |
||
| 245 | _aInternational Financial Mgt. | ||
| 250 | _a3rd ed. | ||
| 260 |
_aNew Delhi _bAcademic Faundation |
||
| 300 | _a543p, | ||
| 650 |
_aManagement _9241 |
||
| 942 | _cBK | ||
| 999 |
_c1596 _d1595 |
||